Synthesis of bi-thiadiazole compound for corrosion inhibition of carbon steel (Record no. 45644)

000 -LEADER
fixed length control field 00478nam a22001697a 4500
001 - CONTROL NUMBER
control field 45644
003 - CONTROL NUMBER IDENTIFIER
control field BD-DhUET
008 - FIXED-LENGTH DATA ELEMENTS--GENERAL INFORMATION
fixed length control field 260404b xxu||||| |||| 00| 0 eng d
040 ## - CATALOGING SOURCE
Transcribing agency 0
Modifying agency BD-DhUET
100 ## - MAIN ENTRY--PERSONAL NAME
Personal name Shopon Ali
245 ## - TITLE STATEMENT
Title Synthesis of bi-thiadiazole compound for corrosion inhibition of carbon steel
260 ## - PUBLICATION, DISTRIBUTION, ETC. (IMPRINT)
Place of publication, distribution, etc. Dhaka
Name of publisher, distributor, etc. Department of Chemistry, BUET
Date of publication, distribution, etc. 2026
300 ## - PHYSICAL DESCRIPTION
Extent vi,61p.
501 ## - WITH NOTE
With note One CD-ROM
504 ## - BIBLIOGRAPHY, ETC. NOTE
Bibliography, etc Includes bibliographies
942 ## - ADDED ENTRY ELEMENTS (KOHA)
Koha item type Thesis
Holdings
Koha date last seen Date acquired Damaged status Source of classification or shelving scheme Sublocation or collection (holding branch) Copy number Not for loan Piece designation (barcode) Location (home branch) Lost status Koha item type Shelving location Withdrawn status Price effective from
2026-04-042026-03-30  Central Library, BUET1 121005Central Library, BUET ThesisAcquisition section 2026-04-04